Apuntes sobre la historia de la pedagogía : cuarta parte (Record no. 62703)
[ view plain ]
| 000 -CABECERA | |
|---|---|
| campo de control de longitud fija | 00532nam a2200205 a 4500 |
| 005 - FECHA Y HORA DE LA ÚLTIMA TRANSACCIÓN | |
| campo de control | 20210219152856.0 |
| 008 - ELEMENTOS DE LONGITUD FIJA--INFORMACIÓN GENERAL | |
| campo de control de longitud fija | 991125n 000 0 spa u |
| 035 ## - NÚMERO DE CONTROL DEL SISTEMA | |
| Número de control de sistema | UPN01000064745 |
| 100 ## - ASIENTO PRINCIPAL--NOMBRE PERSONAL | |
| Nombre de persona | DURASIEVICH, Yuri |
| 222 ## - TÍTULO CLAVE | |
| Título clave | EDUCACION |
| 245 ## - MENCIÓN DE TÍTULO | |
| Título | Apuntes sobre la historia de la pedagogía : cuarta parte |
| 260 ## - PUBLICACIÓN, DISTRIBUCIÓN, ETC. | |
| Lugar de publicación, distribución, etc. | Cuba |
| 300 ## - DESCRIPCIÓN FÍSICA | |
| Extensión | 38-47 |
| 362 ## - FECHAS DE PUBLICACIÓN Y/O DESIGNACIÓN SECUENCIAL | |
| Fecha de publicación y/o designación secuencial | 1976 Año 6, no. 23 oct.-dic. |
| 653 0# - TERMINO DE INDIZACION - NO CONTROLADO | |
| Término no controlado | CIENCIAS |
| 653 0# - TERMINO DE INDIZACION - NO CONTROLADO | |
| Término no controlado | CONOCIMIENTO |
| 653 0# - TERMINO DE INDIZACION - NO CONTROLADO | |
| Término no controlado | HISTORIA EDUCATIVA |
| 904 ## - ELEMENTOS DE DATOS D LOCAL, LDD (RLIN) | |
| a | AC |
| b | 002556 |
| 905 ## - TIPO DE MATERIAL | |
| Tipo de material | Articulo |
No items available.
